[Event "HUN-chT Csongrad Region"]
[Site "Hungary"]
[Date "2016.02.21"]
[Round "6.5"]
[White "Imreh, Csanad"]
[Black "Kohalmi, Laszlo"]
[Result "1-0"]
[WhiteElo "1764"]
[BlackElo "1571"]
[PlyCount "103"]
[EventDate "2015.09.20"]
[EventType "team-tourn"]
[EventRounds "9"]
[EventCountry "HUN"]
[SourceTitle "EXT 2017"]
[Source "ChessBase"]
[SourceDate "2016.10.25"]
[SourceVersion "1"]
[SourceVersionDate "2016.10.25"]
[SourceQuality "1"]

1. d4 Nf6 2. c4 g6 3. Nf3 d5 4. e3 Bg7 5. Nc3 c6 6. Bd2 0-0 7. cxd5 cxd5 8. Be2 Nc6 9. 0-0 Bf5 10. a3 Ne4 11. Nh4 Nxc3 12. bxc3 Qd7 13. c4 e5 14. Nxf5 gxf5 15. cxd5 Qxd5 16. dxe5 Nxe5 17. Bb4 Rfd8 18. Qxd5 Rxd5 19. Rad1 Rad8 20. h3 Ng6 21. Rxd5 Rxd5 22. Bf3 Rd7 23. Rd1 Rxd1+ 24. Bxd1 Bf8 25. Bc2 Bxb4 26. axb4 Kf8 27. Bxf5 Ke7 28. Be4 b6 29. Kf1 Kd6 30. Ke2 Ke5 31. Bd3 h6 32. g3 f5 33. f4+ Kf6 34. Kf3 a5 35. bxa5 bxa5 36. e4 a4 37. Bc4 a3 38. exf5 Kxf5 39. g4+ Kf6 40. Kg3 Ne7 41. h4 Nc6 42. g5+ hxg5 43. hxg5+ Kg6 44. Kg4 Nd4 45. Ba2 Nc6 46. f5+ Kg7 47. Kh5 Ne5 48. f6+ Kh7 49. Bb1+ Kg8 50. g6 Nd7 51. Ba2+ Kh8 52. Kh6 1-0

[Event "HUN-chT Csongrad Region"]
[Site "Hungary"]
[Date "2015.11.22"]
[Round "5.1"]
[White "Imreh, Csanad"]
[Black "Farkas, Sandor"]
[Result "0-1"]
[WhiteElo "1764"]
[BlackElo "1836"]
[PlyCount "136"]
[EventDate "2015.09.20"]
[EventType "team-tourn"]
[EventRounds "9"]
[EventCountry "HUN"]
[SourceTitle "EXT 2017"]
[Source "ChessBase"]
[SourceDate "2016.10.25"]
[SourceVersion "1"]
[SourceVersionDate "2016.10.25"]
[SourceQuality "1"]

1. d4 Nf6 2. c4 g6 3. Nf3 Bg7 4. Nc3 0-0 5. e4 d6 6. h3 Nbd7 7. Be3 e5 8. d5 a6 9. Qd2 Re8 10. Bg5 Nc5 11. Bd3 Nxd3+ 12. Qxd3 h6 13. Be3 Bd7 14. Qd2 Kh7 15. g4 Ng8 16. g5 h5 17. h4 b5 18. cxb5 axb5 19. b4 c6 20. dxc6 Bxc6 21. Rd1 Re6 22. Qe2 Qb8 23. Qc2 Qb7 24. Nd2 Ne7 25. Nb3 Be8 26. Na5 Qa6 27. Nd5 Nxd5 28. Rxd5 Rc8 29. Qe2 Re7 30. Qd2 Rd7 31. 0-0 Bf8 32. Rc1 Rdc7 33. Rxc7 Rxc7 34. f4 Qc8 35. Qg2 Rc2 36. Rd2 Rxd2 37. Bxd2 Qc2 38. Be3 Qd1+ 39. Kh2 Bd7 40. fxe5 Bg4 41. Qf2 Bf3 42. Qg1 Qe2+ 43. Qf2 Qxf2+ 44. Bxf2 Bxe4 45. a3 dxe5 46. Bc5 Bg7 47. Be7 Bd5 48. Kg3 Kg8 49. Kf2 Bf8 50. Bc5 f5 51. gxf6 Kf7 52. Ke3 Bh6+ 53. Kd3 Kxf6 54. a4 bxa4 55. b5 e4+ 56. Ke2 Bf4 57. b6 Ke6 58. b7 Bb8 59. Ke3 Ke5 60. Bb4 Ba7+ 61. Ke2 g5 62. hxg5 h4 63. g6 Kf6 64. Bd6 h3 65. b8Q Bxb8 66. Bxb8 a3 67. Kd2 a2 68. g7 a1Q 0-1